Escape from home / (Record no. 32)

MARC details
000 -LEADER
fixed length control field 01261cam a2200385 a 4500
001 - CONTROL NUMBER
control field 32
003 - CONTROL NUMBER IDENTIFIER
control field FISKH
005 - DATE AND TIME OF LATEST TRANSACTION
control field 20240102141629.0
008 - FIXED-LENGTH DATA ELEMENTS--GENERAL INFORMATION
fixed length control field 950816s1996 nyu j 000 1 eng
010 ## - LIBRARY OF CONGRESS CONTROL NUMBER
LC control number 95036058
020 ## - INTERNATIONAL STANDARD BOOK NUMBER
International Standard Book Number 0531095134 (book one)
020 ## - INTERNATIONAL STANDARD BOOK NUMBER
International Standard Book Number 9780545379274
020 ## - INTERNATIONAL STANDARD BOOK NUMBER
International Standard Book Number 0531088634 (lib. bdg. : book one)
040 ## - CATALOGING SOURCE
Original cataloging agency DLC
Transcribing agency DLC
Modifying agency DLC
042 ## - AUTHENTICATION CODE
Authentication code lcac
050 00 - LIBRARY OF CONGRESS CALL NUMBER
Classification number PZ7
Item number .A953 Es 1996
082 00 - DEWEY DECIMAL CLASSIFICATION NUMBER
Classification number 813.5
Edition number 20
100 0# - MAIN ENTRY--PERSONAL NAME
Personal name Avi,
Dates associated with a name 1937-
245 14 - TITLE STATEMENT
Title Escape from home /
Statement of responsibility, etc. Avi
250 ## - EDITION STATEMENT
Edition statement This edition first printing, March 2012
260 ## - PUBLICATION, DISTRIBUTION, ETC.
Place of publication, distribution, etc. New York :
Name of publisher, distributor, etc. Scholastic,
Date of publication, distribution, etc. 1996
300 ## - PHYSICAL DESCRIPTION
Extent 295 pages ;
Dimensions 20 cm
490 ## - SERIES STATEMENT
Series statement Beyond the western sea ;
Volume/sequential designation Book 1
500 ## - GENERAL NOTE
General note "A Richard Jackson book"--Half t.p.
505 ## - FORMATTED CONTENTS NOTE
Formatted contents note R
520 ## - SUMMARY, ETC.
Summary, etc. Driven from their impoverished Irish village, fifteen-year-old Maura and her younger brother meet their landlord's runaway son in Liverpool while all three wait for a ship to America.
521 ## - TARGET AUDIENCE NOTE
Target audience note 690
Source Lexile
521 ## - TARGET AUDIENCE NOTE
Target audience note R
Source Raz-Paz
650 #1 - SUBJECT ADDED ENTRY--TOPICAL TERM
Topical term or geographic name entry element Emigration and immigration
General subdivision Fiction.
650 #1 - SUBJECT ADDED ENTRY--TOPICAL TERM
Topical term or geographic name entry element Runaways
General subdivision Fiction.
650 #1 - SUBJECT ADDED ENTRY--TOPICAL TERM
Topical term or geographic name entry element Adventure and adventurers
General subdivision Fiction.
651 #1 - SUBJECT ADDED ENTRY--GEOGRAPHIC NAME
Geographic name England
General subdivision Fiction.
906 ## - LOCAL DATA ELEMENT F, LDF (RLIN)
a 7
b cbc
c orignew
d 1
e ocip
f 19
g y-gencatlg
942 ## - ADDED ENTRY ELEMENTS (KOHA)
Source of classification or shelving scheme Library of Congress Classification
Koha item type Books
Suppress in OPAC No
Holdings
Withdrawn status Lost status Source of classification or shelving scheme Damaged status Not for loan Collection Home library Current library Shelving location Date acquired Total Checkouts Full call number Barcode Date last seen Date last checked out Price effective from Koha item type
    Dewey Decimal Classification     Fiction Footprints International School Library Network Toul Kork Campus Footprints International School Library Network Toul Kork Campus TK Primary Library Room(4th Floor), Bookcase 5&6, Shelves 33-56, Orange Books 01/30/2023 1 AVI 813.5 PZ7.A953 FISSE00421 03/02/2026 02/02/2026 01/30/2023 Books